Sponge bob quiz - Statistics

General Stats
  • This quiz has been taken 237 times
    223 since last reset
  • The average score is 7 of 12
Answer Stats
Hint Answer % Correct
spongebob's pet snail Gary
96%
Starfish Patrick
94%
bad at clarinet Squidward
93%
364 employee of the month award winner spongebob
92%
rival of Krabs Plankton
70%
Krab's daughter Pearl
69%
rival reasturant Chum Bucket
63%
famous buger in krusty krab Krabby Patty
61%
Patricks pet "snail" rocky
41%
penny pinching crustancen Eugene
31%
squidward's pet snail snelly
13%
name of town bikini bottem
3%
No matching quizzes found
Score Distribution
Percent of People with Each Score
Percentile by Number Answered
Your Score History
You have not taken this quiz since the last reset